000 00773nam a2200253 a 4500
001 64747
003 BD-RjUL
005 20211209081338.0
008 170220s1966 nyua 000 0 eng d
035 _a(BD-RjUL) 64877
040 _aBD-RjUL
_beng
_cBD-RjUL
_dBD-RjUL
041 _aeng
082 _223
_a960
_bDAG 1966
100 1 _aDavidson, Basil,
_d1914-2010.
_9191956
245 1 2 _aGuide to African history /
_cBasil Davidson,
260 _aLondon :
_bGeorge Allen and Unwin,
_c1966.
300 _a93 p. :
_bill. ;
_c18 cm.
490 _aAfrican elephant books ; no.5.
650 _aAfrica
_xHistory
_9191957
651 0 _aAfrica, West
_xCivilization
_9191958
651 0 _aAfrica, West
_xHistory
_9191959
856 _3African elephant books ; no.5.
942 _2ddc
_cBK
999 _c64747
_d64747